| 000 | 01498cab a2200253 4500 | ||
|---|---|---|---|
| 001 | ##L131126 | ||
| 008 | 051003n2005 000 0 eng u | ||
| 035 | _a(Sirsi) u131126 | ||
| 041 | 0 | _aeng | |
| 100 | 1 | _aStevens, David | |
| 245 | 0 | 0 | _aIn default of a defence |
| 260 | 3 | _c2005 | |
| 490 | 0 |
_aEstates Gazette _v(0538) 24 September 2005, 137(1) |
|
| 520 | _aConsiders the new power available to landlords to apply to the court for possession pursuant to the Landlord and Tenant Act 1954 s29(2) rather than wait for the tenant to apply for a new tenancy. Such an application is made pursuant to CPR 7 meaning that a tenant must file an acknowledgement of service and a defence. Discusses "Standard Life Investment Funds Ltd v Speciality Retail Group plc" unreported, which explores the issue whether a landlord can obtain judgment in default if the tenant fails to file the above documents and where the judge granted probably the first default judgment in these kind of proceedings. | ||
| 590 | _aIKA111005 | ||
| 650 | 2 | 4 | _aLANDLORD AND TENANT ACT 1954 S29(2) |
| 650 | 2 | 4 | _aSTANDARD LIFE INVESTMENT FUNDS LTD V SPECIALITY RETAIL GROUP PLC |
| 650 | 2 | 4 | _aCIVIL PROCEDURE RULES PART 56 |
| 650 | 2 | 4 | _aCIVIL PROCEDURE RULES PART 12 |
| 650 | 2 | 4 | _aCIVIL PROCEDURE RULES PART 7 |
| 650 | 2 | 4 | _aLANDLORD AND TENANT ACT 1954 S29(4)(A) |
| 690 | _aPROPERTY-COMMERCIAL PROPERTY-LEASEHOLD COMMERCIAL PROPERTY-COMMERCIAL LANDLORD AND TENANT-COMMERCIAL LEASES-COMMERCIAL LEASEHOLDERS | ||
| 942 | _n0 | ||
| 999 |
_c75956 _d75956 |
||